000 00543nam a2200181Ia 4500
003 GCL
008 140319s9999 xx 000 0 ara d
040 _aGCL /
_cGCL
082 0 4 _aط
_b239
_bس س
245 1 0 _aمحمد العامل
260 _a[S.N] :
_bدار الكتب الحديثة ،
_c1987
490 _aسيرة خاتم النبين للبنات والبنين
_v0
650 0 4 _aالسيرة النبوية
650 0 4 _aالاطفال
650 0 4 _aغزوات النبى
650 0 4 _aقصص الاطفال
942 _2ddc
_cBK
999 _c57567
_d57567